000 00374nam a2200169Ia 4500
003 0100
008 130303s9999 xx 000 0 und d
040 _cARRUPELIB
050 _aQ125.P61989
100 _aPine, Ronald C
245 _aScience and the human prospect
260 _aCalifornia
260 _bWadsworth Co.
260 _C1989
300 _a320p
942 0 0 _02
999 _c21405
_d21405